1497 1631 1176 1294 1784 1757 1684 1959 1914 1973 1178 1716 1342 1872 1222 1190 1979 1874 1268 1465 1165 1492 1494 1197 1054 1902 1676 1733 1280 1404 1047 1222 1417 1182 1264 1736 1869 1277 1679 1770 1644 1965 1288 1337 1302 1071 1336 1376 1390 1437 1205 1083 1401 1436 1836 1813 1877 1799 1475 1734 1878 1127 1099 1966 1061 1143 1575 1340 1587 1055 1981 1902 1646 1022 1837 1899 1561 1927 1529 1149 1294 1857 1518 1846 1973 1526 1769 1810 1127 1536 1588 1678 1461 1809 1497 1581 1250 1661 1635 BCNSPRNW ULIB Ver.6.0+V

เปลี่ยนเป็นภาษาไทย

Change to English
 แสดงรายละเอียดบรรณานุกรม
  กลับหน้าหลัก

Brief Record : Get Marc (ISO 2709) : E-mail record : QR code < ปิดหน้าต่าง
LEADER : 00000nam 2200000uu 4500
001    13399125912
003     ULIB
008    170926s2560||||th 000 0 tha d
020    ^a9786169161950
060 04 ^aWP580^bก482
110 1  ^aการประชุมวิชาการประจำปี 2017 MAC (Menopause Academic Conference (ครั้งที่ 12 : 2560: เชียงใหม่)
245 00 ^a2017 Essential Menopause /^cบรรณาธิการ, กิติรัตน์ เตชะไตรศักดิ์,ประสงค์ ตันมหาสมุทร, สุชาดา อินทวิวัฒน์, ธันยารัตน์ วงศ์วนานุรักษ์
260    ^aกรุงเทพฯ :^bสมาคมวัยหมดระดูแห่งประเทศไทย,^c2560
300    ^a177 หน้า.+^eฉบับเสริม MAC Practical book 2017
500    ^aหนังสือประชุมวิชาการ Menopause Academic Conference 2017 (MAC 2017) Theme : Essential Menopause ระหว&^63242;างวันที่ 22 - 24 มีนาคม 2560 ณ โรงแรมดิเอ็มเพรส จังหวัดเชียงใหม่
505 0  ^a... ปัจจุบันและอนาคตของสตรีวัยหมดระดู ... วัยหมดระดู (Menopause)... อาการร้อนวุบวาบและเหงื่อออกกลางคืนในสตรีวัยหมดระดู (Hot flush and night sweating in menopause) ... การเปลี่ยนแปลงของฮอร์โมนจากภาวะหมดระดูจากการผ่าตัด (Hormonal changes in surgical menopause)... เลือดออกผิดปกติในวัยหมดระดู (Postmenopausal bleeding) ... อะดิโพเนคตินในวัยหมดระดู (Adiponectin in menopause) ... วัยเปลี่ยนผ่านกับอาการซึมเศร้า (Perimenopausal neuroendocrinology and mood disorders) ... กลุ่มอาการถุงนํ้ารังไข่หลายใบและการหมดระดู (Pcos and menopausa) ... การแพทย์แม่นยำในวัยหมดระดู (Precision medicine in menopause) ... การกลั้นปัสสาวะไม่ได้ในสตรีวัยหมดระดู (Urinary incontinence in menopause) ... บทบาทของไมโครไบโอมิกส์ (Role of microbiomics)
650  2 ^aMenopause
650  7 ^aวัยหมดระดู
700 1  ^aกิติรัตน์ เตชะไตรศักดิ์,^eบรรณาธิการ
700 1  ^aประสงค์ ตันมหาสมุทร,^eบรรณาธิการ
700 1  ^aสุชาดา อินทวิวัฒน์,^eบรรณาธิการ
700 1  ^aธันยารัตน์ วงศ์วนานุรักษ์,^eบรรณาธิการ
710 2  ^aสมาคมวัยหมดระดูแห่งประเทศไทย
945    ^p350^l0^i25647
945    ^p350^l0^i25648
945    ^p350^l0^i25649
945    ^p350^l0^i25650
945    ^p350^l0^i25651
945    ^p350^l0^i25652
945    ^p350^l0^i25653
945    ^p350^l0^i25654
945    ^p350^l0^i25655
945    ^p350^l0^i25656
999    ^aกัณชพร จุลอักษร
รายการนี้ยังไม่มีแท็ก
คุณยังไม่ได้ล็อกอิน คุณสามารถมีกิจกรรมร่วมกับเว็บไซต์ได้ แต่ต้องล็อกอินก่อน ::
  ล็อกอิน

รายการสื่อสารสนเทศ

ลำดับที่ ประเภท เลขเรียก/บาร์โค้ด สถานที่ สถานะ
1. วิทยาศาสตร์การแพทย์ และสุขภาพ
หนังสือสำรอง
สถานะ=หนังสือสำรอง
WP580 ก482 ฉ.1 
  Barcode: 25647
ห้องสมุดวิทยาเขตนครสวรรค์
►หนังสือทั่วไป:l:General Books
บนชั้น
2. วิทยาศาสตร์การแพทย์ และสุขภาพ
วิทยาศาสตร์การแพทย์ และสุขภาพ
WP580 ก482 ฉ.10 
  Barcode: 25656
ห้องสมุดวิทยาเขตนครสวรรค์
►หนังสือทั่วไป:l:General Books
บนชั้น
3. วิทยาศาสตร์การแพทย์ และสุขภาพ
วิทยาศาสตร์การแพทย์ และสุขภาพ
WP580 ก482 ฉ.2 
  Barcode: 25648
ห้องสมุดวิทยาเขตนครสวรรค์
►หนังสือทั่วไป:l:General Books
บนชั้น
4. วิทยาศาสตร์การแพทย์ และสุขภาพ
วิทยาศาสตร์การแพทย์ และสุขภาพ
WP580 ก482 ฉ.3 
  Barcode: 25649
ห้องสมุดวิทยาเขตนครสวรรค์
►หนังสือทั่วไป:l:General Books
บนชั้น
5. วิทยาศาสตร์การแพทย์ และสุขภาพ
วิทยาศาสตร์การแพทย์ และสุขภาพ
WP580 ก482 ฉ.4 
  Barcode: 25650
ห้องสมุดวิทยาเขตนครสวรรค์
►หนังสือทั่วไป:l:General Books
บนชั้น
6. วิทยาศาสตร์การแพทย์ และสุขภาพ
วิทยาศาสตร์การแพทย์ และสุขภาพ
WP580 ก482 ฉ.5 
  Barcode: 25651
ห้องสมุดวิทยาเขตนครสวรรค์
►หนังสือทั่วไป:l:General Books
บนชั้น
7. วิทยาศาสตร์การแพทย์ และสุขภาพ
วิทยาศาสตร์การแพทย์ และสุขภาพ
WP580 ก482 ฉ.6 
  Barcode: 25652
ห้องสมุดวิทยาเขตนครสวรรค์
►หนังสือทั่วไป:l:General Books
บนชั้น
8. วิทยาศาสตร์การแพทย์ และสุขภาพ
วิทยาศาสตร์การแพทย์ และสุขภาพ
WP580 ก482 ฉ.7 
  Barcode: 25653
ห้องสมุดวิทยาเขตนครสวรรค์
►หนังสือทั่วไป:l:General Books
บนชั้น
9. วิทยาศาสตร์การแพทย์ และสุขภาพ
วิทยาศาสตร์การแพทย์ และสุขภาพ
WP580 ก482 ฉ.8 
  Barcode: 25654
ห้องสมุดวิทยาเขตนครสวรรค์
►หนังสือทั่วไป:l:General Books
บนชั้น
10. วิทยาศาสตร์การแพทย์ และสุขภาพ
วิทยาศาสตร์การแพทย์ และสุขภาพ
WP580 ก482 ฉ.9 
  Barcode: 25655
ห้องสมุดวิทยาเขตนครสวรรค์
►หนังสือทั่วไป:l:General Books
บนชั้น

รายการใกล้เคียง
    หัวเรื่อง [Menopause]
    หัวเรื่อง [วัยหมดระดู]

BibComment


ยังไม่เคยถูกคอมเมนท์

คอมเมนท์ทรัพยากรรายการนี้
  คอมเมนท์: 2017 Essential M..


 Copyright 2026. Bcnsprnw @Library